Regulácia činnosti ratingových agentúr v EÚ bakalárska práca

Guardado en:
Detalles Bibliográficos
Autor principal: Brachtl, Branislav
Autor Corporativo: Národohospodárska fakulta EU. Katedra financií
Otros Autores: Alexy, Martin, 1976-
Formato: Libro
Lenguaje:eslovaco
Publicado: Bratislava 2014
Etiquetas: Agregar Etiqueta
Sin Etiquetas, Sea el primero en etiquetar este registro!

MARC

LEADER 00000nbm a2200000 4500
001 0189410
005 20170201085407.1
041 0 |a slo 
044 |a SK 
245 1 0 |a Regulácia činnosti ratingových agentúr v EÚ  |b bakalárska práca  |c Branislav Brachtl ; školiteľ: Martin Alexy 
264 1 |a Bratislava  |c 2014 
300 |a 43 s. 
100 1 |a Brachtl, Branislav 
700 1 |a Alexy, Martin, 1976- 
710 2 |a Národohospodárska fakulta EU. Katedra financií